| 000 | 00767nam a2200205 i 4500 | ||
|---|---|---|---|
| 001 | 145084 | ||
| 003 | ES-MaACL | ||
| 005 | 20230906201147.0 | ||
| 007 | t| | ||
| 008 | 070214s1953 sp r ||||1| spa d | ||
| 100 | 1 |
_aSoto Basil, José del. _9107505 |
|
| 245 | 1 | 3 |
_aEl mal de Pott, anárquico y paralítico _b: nuevos conceptos médicos-quirúrgicos / _cJosé del Soto Basil ; presentación de Joaquín Salarich Torrents ; prólogo de Juan Farill. |
| 250 | _a1ª. ed. | ||
| 260 |
_aBarcelona : _b[s. n.], _c1953 ( _fGráf. Mariano Galve) |
||
| 300 |
_a156 p., 3 lám. : _bil. ; _c24 cm. |
||
| 650 | 4 |
_aTuberculosis vertebral. _9151067 |
|
| 700 | 1 |
_aSalarich Torrents, Joaquín. _9101714 |
|
| 700 | 1 |
_aFarill, Juan. _948857 |
|
| 852 |
_aES-MaACL _jC-5739 _bR.34496 |
||
| 999 |
_c145084 _d145084 |
||